Budwood nurseries (Record no. 55005)

MARC details
000 -LEADER
fixed length control field 00315nam a2200121Ia 4500
100 ## - MAIN ENTRY--AUTHOR NAME
Personal name Samaranayake C
245 #0 - TITLE STATEMENT
Title Budwood nurseries
260 ## - PUBLICATION, DISTRIBUTION, ETC. (IMPRINT)
Name of publisher Bulletin of the Rubber Research Institute of Sri Lanka
Year of publication 1986
300 ## - PHYSICAL DESCRIPTION
Number of Pages 2-Jan
650 ## - SUBJECT ADDED ENTRY--TOPICAL TERM
Topical Term Budwood
942 ## - ADDED ENTRY ELEMENTS (KOHA)
Koha item type Journals
Holdings
Withdrawn status Lost status Damaged status Not for loan Home library Current library Shelving location Date acquired Serial Enumeration / chronology Koha item type
      Journals RRII Library RRII Library Botany 17/12/2021 Volume 22, Issue Journals